000 00705nam a2200205Ia 4500
003 GCL
008 140319s9999 xx 000 0 ara d
040 _aGCL /
_cGCL
082 0 4 _a792.028
_bب س
100 1 _aبازكير - شو
245 1 0 _aسياسات الاداء المسرحى : المسرح الراديكالى اداة تدخل ثقافى /
_cبازكير - شو
700 1 _aامين الرباط
300 _a422 ص
490 _aالهيئة العامة للاستعلامات
_v0
650 0 4 _aالمسرح
650 0 4 _aالتمثيل فى المسرح
650 0 4 _aالمسرح - تاريخ
650 0 4 _aالمسرح - الجوانب الاجتماعية
942 _2ddc
_cBK
999 _c52050
_d52050